000 00502nam a2200181Ia 4500
005 20250326125406.0
008 250326s9999 xx 000 0 und d
037 _aTextbook
040 _aFMSL
_beng
_cFMSL
041 _aeng
_2eng
084 _aX:8D M4
_qFMSL
100 _aCarsberg B
_9735883
245 0 _aExternal ficial reporting
_cCarsberg B; Susan D
260 _aNew Delhi
_bNew Delhi, Prentice-Hall
_c1984
300 _a193p
942 _cTB
_hX:8D M4
999 _c1277849
_d1277849